Pokémon or RuPaul's Drag Race? Quiz Stats

 Plays Quiz Updated Jun 24, 2019

Support Sporcle.
Go Orange.
Score 0/30 Timer 05:00
4 Plays Today
Name P or R % Correct
Jigglypuff???
93.3%
Jynx???
91.5%
Bellossom???
88.1%
Greninja???
87.8%
Tangela???
87.6%
Onix???
87.6%
Shangela???
86.6%
Laganja???
85.1%
Roxxxy???
84%
Floette???
83.8%
Sonique???
83.5%
DiDa???
82.1%
Raja???
81.7%
Tempest???
81.5%
Jinkx???
81.4%
Name P or R % Correct
Frillish???
81%
Lineysha???
80.9%
Shannel???
80.3%
Shaymin???
79.9%
Rufflet???
79.9%
Cresselia???
79.7%
Vanilluxe???
79.4%
Dedenne???
79.2%
Kirlia???
78.6%
Jiggly???
77.6%
Flabébé???
77.2%
Ongina???
76.7%
Jujubee???
76.6%
Akashia???
75%
Phoenix???
74%

From the Vault

27 Most Common English Verbs

by mikschmvlg

Jump into action, and do well on this quiz.
Remove Ads.
Support Sporcle.
Get the best of Sporcle when you Go Orange. This ad-free experience offers more features, more stats, and more fun while also helping to support Sporcle. Thank you for becoming a member.

Show Comments

Extras

Top Quizzes Today


Score Distribution

Your Account Isn't Verified!

In order to create a playlist on Sporcle, you need to verify the email address you used during registration. Go to your Sporcle Settings to finish the process.

Report this User

Report this user for behavior that violates our Community Guidelines.

Details: